|
|
|
|
| LEADER |
00000nam0a2200000 4500 |
| 001 |
305633 |
| 005 |
20231102001823.0 |
| 035 |
|
|
|a (RuTPU)RU\TPU\book\330905
|
| 090 |
|
|
|a 305633
|
| 100 |
|
|
|a 20150929d1983 km y0rusy50 ca
|
| 101 |
0 |
|
|a rus
|
| 102 |
|
|
|a RU
|
| 105 |
|
|
|a y z 000zy
|
| 200 |
1 |
|
|a Ради мира на земле. Советская Программа мира для 80-х годов в действии: Материалы и документы
|e материалы и документы
|f под ред. А. М. Александрова
|
| 210 |
|
|
|a Москва
|c Политиздат
|d 1983
|
| 215 |
|
|
|a 496 с.
|
| 606 |
1 |
|
|a Мирное сосуществование
|x Курс внешней политики
|y СССР
|2 stltpush
|3 (RuTPU)RU\TPU\subj\44086
|9 63460
|
| 610 |
1 |
|
|a мир
|
| 610 |
1 |
|
|a программа мира
|
| 610 |
1 |
|
|a международные отношения
|
| 610 |
1 |
|
|a СССР
|
| 610 |
1 |
|
|a 20 век
|
| 610 |
1 |
|
|a материалы
|
| 610 |
1 |
|
|a документы
|
| 610 |
1 |
|
|a речи
|
| 610 |
1 |
|
|a письма
|
| 610 |
1 |
|
|a беседы
|
| 610 |
1 |
|
|a коммюнике
|
| 686 |
|
|
|a Ф4(2)3
|v LBC/SL-A
|2 rubbk
|
| 702 |
|
1 |
|a Александров
|b А. М.
|4 340
|
| 801 |
|
1 |
|a RU
|b 63413507
|c 20150929
|
| 801 |
|
2 |
|a RU
|b 63413507
|c 20190426
|g RCR
|
| 942 |
|
|
|c BK
|